000 00724nam a22001577a 4500
003 LRUA
005 20240402213446.0
008 240402b xxu||||| |||| 00| 0 eng d
040 _cRUA
082 _2AGR LOE 2022 B1-570 Or.
100 _916423
_aLOEM KIMSHINH លឹម គីមសុីញ
245 _aDETERMINATION OF THE AMOUNT OF HYDNOPHYTUM FORMICARUM JACK AND TEMPERATURE FOR AGING THE WHISKEY PRODUCT. ការកំណត់បរិមាណម្រោចសួតដំរី និងសីតុណ្ហភាពត្រាំសម្រាប់ដំណើរការផលិតស្រាវីស្គី
260 _aPhnom Penh
_bRUA
_c2022
300 _aIX.40P
_bVII.
_c29CM
942 _2ddc
_cAGR
999 _c22771
_d22771